Obras completas

-д хадгалсан:
Номзүйн дэлгэрэнгүй
Үндсэн зохиолч: Sastre, Alfonso (Зохиогч)
Формат: Ном
Хэл сонгох:испани
Хэвлэсэн: Madrid Aguilar 1967
Цуврал:Biblioteca de Autores Modernos
Нөхцлүүд:
Шошгууд: Шошго нэмэх
Шошго байхгүй, Энэхүү баримтыг шошголох эхний хүн болох!

MARC

LEADER 00000nam a2200000 a 4500
001 UCT5799
003 CL-VaPUC
008 961223e19670000SP |||||||||||||||||spa|d
082 0 4 |a 862  |b SAS  |2 21 
100 0 |a Sastre, Alfonso  |e author  |9 326776 
245 1 0 |a Obras completas 
300 |a v 
942 |c BK 
945 |d 19961223 00:00:00  |a nastorga 
260 |a Madrid  |b Aguilar  |c 1967 
500 |a v.1 Teatro 
650 0 |a Dramas españoles  |9 267081 
583 |a last modification  |c 19961223 00:00:00  |k Rodrigo Vera 
490 0 |a Biblioteca de Autores Modernos 
999 |c 254608  |d 254606 
952 |0 0  |1 0  |4 0  |6 862_000000000000000_SAS_1967  |7 0  |8 A  |9 276408  |a BIBEDU  |b BIBEDU  |d 2019-11-19  |h v.1  |i 3261646  |o 862 SAS 1967  |p 3261646  |r 2019-11-19  |w 2019-11-19  |y BK  |k LIT